Mechanical Sciences Engineering Mechanics And Strength Of Materials (Record no. 858)

MARC details
000 -LEADER
fixed length control field 00354nam a22001337a 4500
041 ## - LANGUAGE CODE
Language code of text/sound track or separate title ENG
100 ## - MAIN ENTRY--PERSONAL NAME
Personal name Paul. A.R
245 ## - TITLE STATEMENT
Title Mechanical Sciences Engineering Mechanics And Strength Of Materials
260 ## - PUBLICATION, DISTRIBUTION, ETC. (IMPRINT)
Place of publication, distribution, etc Delhi
Name of publisher, distributor, etc Prentice ,Hall Of India Private Lim
Date of publication, distribution, etc 2006
300 ## - PHYSICAL DESCRIPTION
Extent 578
650 ## - SUBJECT ADDED ENTRY--TOPICAL TERM
Topical term or geographic name as entry element FS
700 ## - ADDED ENTRY--PERSONAL NAME
Personal name Roy .P , Mukherjee.S
856 ## - ELECTRONIC LOCATION AND ACCESS
Uniform Resource Identifier FS ( 36 )
Holdings
Withdrawn status Lost status Source of classification or shelving scheme Damaged status Not for loan Home library Current library Shelving location Date acquired Cost, normal purchase price Total Checkouts Barcode Date last seen Price effective from Koha item type
    Dewey Decimal Classification     College of Agricultural Engineering and Technology, Dapoli , Library College of Agricultural Engineering and Technology, Dapoli , Library Book Cart 06/09/2021 395.00   004935 06/09/2021 06/09/2021 Books
    Dewey Decimal Classification     College of Agricultural Engineering and Technology, Dapoli , Library College of Agricultural Engineering and Technology, Dapoli , Library Book Cart 06/09/2021 395.00   004936 06/09/2021 06/09/2021 Books

Contact Us: College of Agricultural Engineering and Technology, Dapoli, Dist.- Ratnagiri
Website: https://dbskkv.org Email: caetlibrary2015@gmail.com